000 00430nam a2200181Ia 4500
001 8662
005 20260306160626.0
008 260306t2001||||xx |||||||||||||| ||spa||
041 _aESP
082 _a371.26
_bL87
100 _aLópez Frias, Blanca Silvia
_eAUT
245 0 _aEvaluación del aprendizaje
260 _c2001
300 _a142 páginas :
_c24 cm.
650 _aGEN
654 _aCED
942 _cLIB
_dJUS
_fJUS
_2ddc
_n
999 _c8662
_d8662